000
00269nam a22001217a 4500
008
230620b xxu||||| |||| 00| 0 eng d
082
_a
324
_b
ECK
110
_b
ECK
_c
1998
245
_a
1998 Annual Report
260
_a
Kenya
_b
ECK
_c
1998
300
_a
26p
942
_2
ddc
_c
BK
999
_c
1898
_d
1898